Statistics for Female Thai Kpop Idol

Click here to take the quiz!

General Stats

  • This quiz has been taken 59 times
  • The average score is 5 of 6

Answer Stats

GroupName% Correct
BLACKPINKLisa
98%
(G)I-DLEMinnie
96%
KISS OF LIFENatty
85%
BABYMONSTERChiquita
78%
BABYMONSTERPharita
70%
Ex-CLCSorn
54%

Score Distribution

Percentile by Number Answered

Percent of People with Each Score

Your Score History

You have not taken this quiz